Statistics for TOP 20 Most Important Western Painters of All Time

Click here to take the quiz!

General Stats

  • This quiz has been taken 52 times
  • The average score is 10 of 20

Answer Stats

PlaceNationalityOne Of His/Her Main WorksPainter Name% Correct
3.ItalianMona LisaLeonardo da Vinci
96%
1.SpanishGuernicaPablo Picasso
96%
15.DutchSunflowersVincent van Gogh
86%
13.ItalianMosesMichelangelo Buonarroti
80%
8.FrenchBridge over a Pond of Water LiliesClaude Monet
76%
5.DutchNight WatchRembrandt van Rijn
76%
16.FrenchOlympiaÉdouard Manet
57%
6.SpanishLas MeninasDiego Velázquez
53%
14.SpanishThe Family of Charles IVFrancisco de Goya
43%
4.FrenchThe Card PlayersPaul Cézanne
39%
11.EnglishShipping at the Mouth of the ThamesWilliam Turner
39%
12.GermanMadonna and ChildAlbrecht Dürer
35%
17.FrenchWoman with a HatHenri Matisse
35%
7.RussianThe Blue RiderWassily Kandinsky
35%
10.FlemishThe Arnolfini PortraitJan van Eyck
31%
9.ItalianMedusaMichelangelo Merisi da Caravaggio
31%
2.ItalianScrovegni ChapelGiotto di Bondone
29%
19.AmericanLavender MistJackson Pollock
22%
18.ItalianMadonna in the MeadowRaffaello Sanzio
8%
20.SwedishTree of KnowledgeHilma af Klint
4%

Score Distribution

Percentile by Number Answered

Percent of People with Each Score

Your Score History

You have not taken this quiz